[Event "Metz op 30th"]
[Site "Metz"]
[Date "2012.04.18"]
[Round "7"]
[White "Gurevich, Mikhail"]
[Black "Shanava, Konstantine"]
[Result "1/2-1/2"]
[WhiteElo "2611"]
[BlackElo "2585"]
[Annotator "Metz Alekhine/Primel,D"]
[PlyCount "90"]
[EventDate "2012.04.14"]
[EventType "swiss"]
[EventRounds "9"]
[EventCountry "FRA"]
[SourceTitle "EXT 2013"]
[Source "ChessBase"]
[SourceDate "2012.11.22"]
[SourceVersion "1"]
[SourceVersionDate "2012.11.22"]
[SourceQuality "1"]

1. d4 {01H30} g6 2. c4 Bg7 3. e4 d6 4. Nc3 e5 5. Nf3 exd4 6. Nxd4 Ne7 {[%csl
Rd4][%cal Gf7f5,Gb8c6]} 7. h4 $1 (7. Be2) (7. Be3) 7... Nbc6 (7... O-O 8. h5 c5
9. Nb3 {Gelfand,B (2690)-Azmaiparashvili,Z (2655) Hoogovens op 1993 (10) 0-1} (
9. Ndb5 Nbc6 10. hxg6 fxg6 11. Be3)) 8. Be3 f5 9. h5 fxe4 10. hxg6 hxg6 11.
Rxh8+ Bxh8 12. Nxe4 Qd7 {[%cal Gb7b6,Gc8b7,Ge8c8]} 13. Qd2 {[%cal Ge1c1]} b6 (
13... Nf5 14. Nxf5 Qxf5 15. f3 Qe5 16. O-O-O Bf5 17. Bf4 Qa5 18. Qxa5 Nxa5 19.
c5 Bxe4 20. fxe4 Be5 21. Bd2 Nc6 22. cxd6 Bxd6 23. Bb5 O-O-O 24. Bxc6 bxc6 25.
Bc3 Re8 26. Re1 Kd7 27. Kc2 Be5 28. Rd1+ Ke6 29. Bxe5 Kxe5 30. Rd7 Kxe4 31.
Rxc7 Kd5 32. Kd3 a6 33. Ra7 Re5 34. Rxa6 Rg5 35. Ra5+ c5 36. b4 Rg3+ 37. Ke2
Rxg2+ 38. Kf3 Rc2 39. Rxc5+ Rxc5 40. bxc5 Kxc5 41. Ke4 {1/2-1/2 (41) Babula,V 
(2585)-Rotstein,A (2506) Austria 2013}) 14. Nxc6 $146 (14. O-O-O Bb7 15. Nxc6
Bxc6 16. Bg5 Bxe4 17. Re1 Qf5 18. Bxe7 Kxe7 19. Bd3 Rf8 20. Bxe4 Qc5 21. f3
Qxc4+ 22. Kb1 Kd8 23. Bxg6 Qd4 24. Qxd4 {1/2-1/2 (24) Reis,C (2419)-Banet,J 
(2469) ICCF email 2009}) 14... Qxc6 15. Nc3 Bb7 (15... Be6 $5) 16. O-O-O O-O-O
17. Bd4 Qd7 18. Re1 Bxd4 19. Qxd4 $11 Re8 20. Qe3 Bc6 {[%cal Gc6e8,Ge7f5]
Préparant une liquidation générale pour annuler} 21. Bd3 Ng8 (21... Nf5 22.
Qxe8+ Qxe8 23. Rxe8+ Bxe8 24. Kd2) 22. Qxe8+ Qxe8 23. Rxe8+ Bxe8 24. Kd2 Nf6
25. f4 c6 26. Ke3 Kd7 27. Kf3 Ke7 28. g4 {Les Blancs ont un petit avantage
d'espace mais les Noirs doivent pouvoir annuler} Bf7 29. b3 Kf8 30. Kg3 (30.
Ne2 $5 {[%cal Ge2d4]}) 30... Kg7 31. g5 Nd7 32. Be4 $1 $14 Nb8 33. Kf2 (33. Ne2
Be8 34. Nd4) 33... Be8 34. Ne2 Bd7 35. Ke3 a6 36. Nd4 b5 37. Nf3 bxc4 38. bxc4
Be6 39. Kd4 c5+ 40. Kc3 Nd7 41. Nh4 Nb6 $1 42. Nxg6 (42. Bxg6 Bxc4 43. Bb1 (43.
f5 Bxa2 44. f6+) 43... d5 44. f5 d4+ $132) 42... Bxc4 43. f5 Bxa2 44. f6+ Kf7
45. Nf4 Nd7 1/2-1/2

[Event "Bundesliga 0203"]
[Site "Germany"]
[Date "2003.01.11"]
[Round "8.7"]
[White "Meins, Gerlef"]
[Black "Stangl, Markus"]
[Result "1/2-1/2"]
[WhiteElo "2436"]
[BlackElo "2494"]
[Annotator "Meyer,CD"]
[PlyCount "53"]
[EventDate "2002.10.19"]
[EventType "team-tourn"]
[EventRounds "15"]
[EventCountry "GER"]
[SourceTitle "CBM 093"]
[Source "ChessBase"]
[SourceDate "2003.04.01"]
[SourceVersion "1"]
[SourceVersionDate "2003.04.01"]
[SourceQuality "1"]
[WhiteTeam "Werder Bremen"]
[BlackTeam "Tegernsee"]
[WhiteTeamCountry "GER"]
[BlackTeamCountry "GER"]

1. d4 g6 2. c4 Bg7 3. Nc3 d6 4. e4 Nd7 5. Be2 e5 6. Nf3 Ne7 7. O-O O-O 8. Be3
h6 (8... f5 9. exf5 gxf5 10. dxe5 dxe5 11. Bg5 $14) 9. Qd2 Kh7 10. Rad1 f5 $6 (
{Wenn Schach so einfach wäre! Bescheidenheit, etwa mit} 10... Nc6 {(+=, ECO)
war angesagt.}) 11. dxe5 dxe5 12. exf5 gxf5 {[#]} (12... Nxf5 13. Ne4 {, ><e4})
13. Nh4 $5 ({Den Finger auf die Wunde legt} 13. Qc2 $1 {:} c6 (13... Ng6 14.
Bd3 $1 e4 15. Nxe4 fxe4 16. Bxe4 Qe8 17. Nh4 $18) (13... Qe8 14. Nd5 Qd8 15.
Ng5+ hxg5 16. Bxg5 Rf7 17. Bh5 {1-0 Keessen,A-Velema,S/Hengelo 1997/EXT 98 (17)
}) 14. Rd6 Qc7 15. Rfd1 Ng6 $2 (15... Rf6 $8 16. c5 $16 {[ ><d6, ><e5, ><f5 ]})
16. Rxg6 $1 Kxg6 17. Nh4+ Kf7 18. Nxf5 Nf6 $8 19. Nd6+ $1 Kg8 20. Qg6 Be6 21.
Bxh6 Rad8 22. c5 Kh8 23. Bd3 Bg8 24. Qg5 Bh7 25. Bxg7+ Qxg7 26. Qxe5 $18 Bxd3
27. Rxd3 Rde8 28. Nxe8 Rxe8 29. Qxe8+ $1 Nxe8 30. Rh3+ {1-0 Kumaran,D-Hennigan,
M/London 0/CBM 30 ext/[Bulletin] (30)}) 13... Bf6 (13... c6 14. Qd6 (14. Qc2 $5
) 14... Qe8 15. f4 e4 $14 {, I. Jelen - C. Fellhauer, Schwarzach 1998}) 14. g3
$5 (14. Nf3) 14... Bxh4 15. gxh4 f4 16. Bc5 Rg8+ 17. Kh1 Nc6 18. f3 Qxh4 $2 ({
Das Nehmen dieses Bauern verschwendet nur kostbare Zeit, die besser zu nutzen
war, etwa mit} 18... Kh8 {, z.B.} 19. Qc2 Qe8 20. Bf2 Qf7 21. Rg1 Rxg1+ 22.
Rxg1 Nb6 {(/\Bf5)} 23. Qg6 Qxg6 24. Rxg6 Bf5 $5 25. Rxh6+ Kg7 26. Rh5 Bg6 27.
Rg5 Kh6 28. c5 Nd7 $14) 19. Bf2 Qh3 20. Rg1 Rxg1+ 21. Rxg1 {[#] Es scheint,
daß Schwarz an seiner geschwächten Königsstellung sowie Unterentwicklung nun
unweigerlich zugrunde geht.} Nf8 ({Oder z.B.} 21... Nf6 22. Nd5 Ne8 (22... Nxd5
23. Qxd5 (23. cxd5 Ne7 24. Qc2+ Bf5 25. Qxc7 Re8 26. Bc5 $18) 23... Be6 24.
Bd3+ Kh8 25. Qe4 $18) 23. Nxf4 $3 exf4 24. Qd5 Qe6 (24... Be6 25. Bd3+ Kh8 26.
Bd4+ $18) 25. Bd3+ Kh8 26. Be1 $1 {/\Bc3 +-}) 22. Nd5 $18 Be6 ({Nach} 22... Kh8
23. Nxc7 Rb8 {gewinnt wahlweise:} {am einfachsten} 24. Bxa7 (24. Qd5 Be6 25.
Nxe6 Nxe6 (25... Qxe6 26. Bh4 $1 $18 Qxd5 27. Bf6+ Kh7 28. Rg7+ Kh8 29. Rxb7+
Kg8 30. Rg7+ Kh8 31. Rxa7+ Kg8 32. Rg7+ Kh8 33. Rg1+ Kh7 34. cxd5) 26. Rg4 h5 (
26... Ng5 27. Qd6) 27. Rg6 Rd8 28. Qe4 $18 Rd7 29. Rh6+ Kg8 30. Qg6+ Ng7 31.
Qh7+ Kf7 32. Rg6) 24... Nxa7 25. Qd6 $18 (25. Qd5 $18)) ({Das pikante
Damenfang-Motiv nach} 22... Ng6 23. Bf1 $1 Qxf3+ (23... Qe6 24. Nxc7 $18) 24.
Bg2 $18 {bietet sich auch gleich in der Partie an:} Bg4 (24... Qh5 {/Qg4} 25.
Nf6+) 25. Nf6+ (25. Re1) 25... Kh8 26. Nxg4 Qxg4 27. Bxc6) 23. Nxc7 $2 ({
Erst "sieht er den Wald vor lauter Bäumen nicht": entweder} 23. Bf1 $1 Qxf3+
24. Bg2 $18 Bg4 (24... Bxd5 25. cxd5) 25. Nf6+ (25. Re1 Ne6 26. Bxf3 Bxf3+ 27.
Kg1 Rg8+ 28. Kf1) 25... Kh8 26. Nxg4 Qxg4 27. Bxc6) ({oder} 23. Bd3+ $1 Kh8 (
23... Bf5 24. Nf6+ Kh8 25. Rg8#) 24. Be4 Rd8 (24... Qh5 25. Nxf4 $18) 25. Qc3 {
/\Nxf4+-}) 23... Rd8 24. Nxe6 $2 ({Dann sieht er schon Gespenster:} 24. Nd5 $16
{war immer noch gut genug.}) 24... Rxd2 25. Nxf8+ Kh8 26. Ng6+ Kh7 27. Nf8+
1/2-1/2

[Event "Bundesliga 0506"]
[Site "Germany"]
[Date "2006.01.29"]
[Round "9.6"]
[White "Schandorff, Lars"]
[Black "Schebler, Gerhard"]
[Result "1-0"]
[WhiteElo "2521"]
[BlackElo "2474"]
[Annotator "Meyer,CD"]
[PlyCount "55"]
[EventDate "2005.10.21"]
[EventType "team-tourn"]
[EventRounds "15"]
[EventCountry "GER"]
[SourceTitle "CBM 111"]
[Source "ChessBase"]
[SourceDate "2006.04.04"]
[SourceVersion "1"]
[SourceVersionDate "2006.04.04"]
[SourceQuality "1"]
[WhiteTeam "Werder Bremen"]
[BlackTeam "Muelheim Nord"]
[WhiteTeamCountry "GER"]
[BlackTeamCountry "GER"]

1. c4 g6 2. d4 Bg7 3. e4 d6 4. Nc3 e5 5. Nf3 exd4 6. Nxd4 Nc6 7. Be3 Nge7 8. h4
{Um mittels h5 die schwarze Bauernstruktur am Königsflügel zu lockern oder
auch nur eine Schwächung des Feldes g5 (nach ...h5) zu provozieren.} ({Gegen
diese 'Moderne Verteidigung' ist} 8. Be2 {eine ruhige, gute Alternative, z.B.}
O-O 9. O-O f5 10. Nxc6 bxc6 (10... Nxc6 11. exf5 Bxf5 12. Qd2 $14) 11. Bf3 $5
$14) 8... f5 {Während ...0-0 ziemlich passiv ist, nimmt Schwarz lieber mit dem
Hebel f5 den Fehdehandschuh auf und riskiert frühe Komplikationen.} 9. h5 fxe4
(9... Rf8 10. hxg6 hxg6 11. g3 fxe4 12. Nxe4 d5 13. Ng5 Bxd4 $6 14. Bxd4 dxc4
15. Bg7 Rg8 16. Bc3 $16 {J. Lautier - J. Degraeve, FRA-chT fin, Belfort 2004,
1:0/36}) 10. hxg6 Nxg6 ({Verbessert die Stellung des Rappen auf Kosten eines
anfälligen Bauern h7. Die Alternative} 10... hxg6 {hat indes auch ihre
Schattenseiten, z.B.:} 11. Rxh8+ Bxh8 12. Nxe4 $14 Bf5 13. Nxf5 gxf5 (13...
Nxf5 14. Bg5 Qd7 15. Qd2 Nce7 $6 (15... Nfe7) 16. O-O-O O-O-O 17. g4 Nd4 {
(soweit B. Gelfand - J. Piket, Monte Carlo 2001, 1:0/49)} 18. Qe3 $1 Ndc6 19.
Nc5 Qe8 20. Ne6 Rd7 21. f4 $16) 14. Qh5+ Kd7 15. O-O-O Qg8 $1 16. Nc5+ Kc8 17.
Ne6 Kd7 (17... Bxb2+ 18. Kxb2 Qxe6 19. Qe8+ Nd8 20. Bd3 Qf7 21. Qh8 b6 22. Bg5
Kb7 23. Qf6 Qxf6+ 24. Bxf6 Ndc6 25. Bxe7 Nxe7 26. Re1 Nc6 27. Bxf5 Rf8 28. Be4
Rxf2+ 29. Kb3 d5 30. Bxd5 Rf6 31. Re8 Ka6 32. Kc3 Na5 33. g4 {und 1:0/44 in T.
Nyback - H. Lehtinen, Helsinki 2002}) 18. Nf4 Ne5 19. Qe2 (19. Nd5 Qg4 20. Qh7
$14 {M. Gurevich - Speelman, Antwerpen 1993, ECO (A2)}) 19... Re8 20. Kb1 Ng4
21. Bc1 Nh2 22. c5 d5 23. Qb5+ Kc8 24. Bd3 c6 25. Qa4 Ng4 $2 (25... Kb8 26. f3
$16) 26. Qxa7 $1 $18 {und 1:0/33 in C. Hansen - H. Lehtinen, Aarhus 2003}) 11.
Qd2 $5 ({Ebenfalls zu erwägen sind: I} 11. Nxc6 {, z.B.} bxc6 (11... Bxc3+ 12.
bxc3 bxc6 13. c5 $14) 12. Nxe4 $5 (12. Bd4 Bxd4 13. Qxd4 O-O) 12... Qe7 (12...
Bxb2 $5 13. Rb1 (13. Bg5 $2 Bc3+ 14. Ke2 (14. Nxc3 Qxg5) 14... Qd7) 13... Be5
14. Bd3 O-O 15. Qh5 Qe7 $13) 13. Bd3 (13. Nc3 $6 Rb8 14. Qc2 Bg4) 13... Ne5 $6
(13... Rb8) (13... Bxb2) 14. Qh5+ Qf7 15. Be2 Qxh5 16. Rxh5 Be6 17. c5 $1 $14 {
V. Kosyrev - I. Odesskij, Moskau 1996, remis/35}) ({II} 11. Nxe4 Qe7 12. f3 (
12. Nxc6 $6 bxc6 13. Nc3 Rb8 {wie vorher}) 12... Nxd4 (12... O-O $13) 13. Bxd4
Bd7 $13) 11... O-O $5 $146 {In diesem noch ziemlich unerforschten Terrain ist
der Textzug vermutlich eine Neuerung, der Monarch rochiert furchtlos zum
geschwächten Flügel. In meinen Datenbanken findet sich lediglich ...Nxd4.} ({I
} 11... Nxd4 12. Bxd4 {und nun:} Bxd4 (12... Ne5 $6 13. Nxe4 Qe7 14. O-O-O {
- +/-, ECO (A2) -} Be6 15. f4 $1 Nc6 (15... Nxc4 $4 16. Qc3 $18) 16. Bxg7 Qxg7
17. Ng5 Bf5 18. Re1+ Kd7 19. Bd3 Raf8 20. Bxf5+ Rxf5 21. Qd3 $1 Rxg5 (21... Qg6
$2 22. Rh6 $18 (22. Re6 Rf6 23. Qxg6 $18)) (21... Rf6 $2 {/Rxf4?} 22. Qh3+ Kd8
23. Ne6+ $18) 22. fxg5 Qxg5+ 23. Kb1 $16 {/+-, Bönsch - Azmaiparashvili,
Dortmund 1990, 1:0/52}) 13. Qxd4 Qg5 $5 14. Nxe4 Qa5+ 15. Kd1 $5 (15. Qd2 Qxd2+
16. Kxd2 O-O) (15. Nc3 Be6) 15... Qe5 16. Qxe5+ Nxe5 17. f4 Ng4 18. Kd2 O-O (
18... Bf5 19. Ng3 Bd7 20. Re1+ Kf7 21. Ne4 h6 22. Be2 Rag8 23. Bf3) 19. g3 Bf5
20. Bg2 $14 {mit einem kleinen Plus}) ({II Prüfenswert ist auch} 11... Bg4 {
, z.B.:} 12. Nxc6 (12. Nxe4 Qd7 13. f3 O-O-O $5 $13 14. O-O-O (14. fxg4 Bxd4
15. Bxd4 Rhe8) 14... Nxd4 15. Bxd4 Bf5 16. Bxg7 Qxg7 17. Bd3 Kb8) 12... bxc6
13. Nxe4 Rb8 14. Bd4 Bxd4 15. Qxd4 Qe7 16. f3 Bf5 17. O-O-O Bxe4 18. Re1 Qg5+
19. Qe3 Qxe3+ 20. Rxe3 Kf7 21. Rxe4 $14) 12. Nxc6 ({Falls} 12. O-O-O {, so
gerät Weiß in folgende forcierte Variante:} Nxd4 13. Bxd4 Bxd4 14. Qxd4 Qg5+ {
und nun} 15. Kb1 (15. Rd2 Rxf2 $5 16. Qxf2 e3 17. Rd5 Qxd5 18. Qxe3 $44) 15...
Qe5 $13) 12... bxc6 13. Nxe4 $2 ({Hier hätte Weiß die Wiedernahme des Bauern 
(erst einmal) abschreiben müssen, z.B.: I} 13. O-O-O Rb8 $13 (13... Bg4 14. Re1
Qe7 15. Bd4) 14. Bh6 Be5 $5) ({II} 13. Be2 Rb8 $13 (13... Qf6 $13)) 13... Qe8
$2 ({Dagegen hätte das natürliche} 13... Qe7 $142 {Weiß schwer in Verlegenheit
gebracht:} 14. f3 (14. Nc3 $6 Bg4 $1 15. Bd3 (15. f3 $2 Rae8 16. Kf2 Ne5 $40)
15... Rab8 16. Qc2 Qe6 17. Kd2 (17. O-O $6 Ne5 $1 18. Bxh7+ (18. Bxa7 $2 Nf3+
$1 $19) (18. Rfe1 $2 Nf3+ $1 $19) (18. b3 $2 Nf3+ $1 $19) 18... Kh8 19. Be4
Nxc4 20. Bc1 (20. Bxa7 $2 Rxb2 21. Qd3 d5 22. Nxd5 Be2 $19) 20... d5 21. Bd3
Ne5 $1 22. Be2 (22. f3 Nxf3+ $1) (22. f4 Nxd3 23. Qxd3 c5 $1 24. Nd1 Rbe8 $19)
22... Nf3+ $1 $19) 17... Bf5 18. b3 d5 $1 $40 {mit andauerndem Druck auf den
Wanderkönig}) 14... Rb8 $15 15. Bd4 Bxd4 16. Qxd4 Bf5 17. O-O-O (17. Bd3 $4 Nf4
18. O-O-O d5) 17... Bxe4 18. fxe4 Qg5+ (18... c5) 19. Rd2 Ne5 20. Kb1 c5 $17 {
und Schwarz hat klaren positionellen Vorteil}) 14. Nc3 $1 ({Einsichtig federt
der Springer zurück, während} 14. f3 {nach der Abwicklung} Rb8 15. Bd4 Bxd4 16.
Qxd4 c5 (16... Bf5 17. O-O-O Bxe4 18. Re1 $1) 17. Qd5+ Be6 18. Qh5 Rf7 19.
O-O-O Bf5 20. Bd3 Qe5 21. Rd2 Qg7 $13 {/=} 22. Qg5 (22. Nxd6 $4 Bxd3 23. Nxf7
Qc3+ $1 24. Kd1 Rxb2 $19) 22... Ne5 23. Qxg7+ Kxg7 {ein etwa ausgeglichenes
Endspiel ergibt.}) 14... Be6 ({I} 14... Bg4 $6 {ist hier unergiebig:} 15. f3
Be6 16. O-O-O) ({II} 14... Rb8 $142 15. O-O-O Qf7 (15... d5 $2) 16. Bd3 Bf5 $13
) 15. O-O-O Qf7 $2 ({Animiert den feindlichen Springer zum erneuten Vormarsch,
diesmal jedoch mit fatalem Effekt! Immer noch in Betracht kam} 15... Rb8 {
, z.B.} 16. Bh6 (16. Bxa7 $6 Bxc3 17. Qxc3 Ra8) 16... Bxh6 17. Qxh6 $14) 16.
Ne4 $1 {"Mal hü, mal hott", doch jetzt sitzt der Schimmelreiter fest im Sattel
und wirft einen boshaften Blick auf den Punkt g5. Der Königsflügel wird nun
sehenswert beharkt.} Rab8 {(?)} ({Die Einladung zum Tanz. Alternativen: I} 
16... Qe7 17. Ng5 $1 $16) ({II} 16... Rfb8 {(?)} 17. Rxh7 $3 {ähnlich dem Text}
) 17. Rxh7 $3 Bxb2+ 18. Qxb2 Qxh7 19. Qxb8 Rxb8 20. Nf6+ Kg7 21. Nxh7 Kxh7 22.
Bd3 $16 {Das Ende der forcierten Abwicklung beschert Weiß ein ebenso mächtiges
Freibauern- wie Läuferpaar. Aufgrund einiger Verteidigungsressourcen jedoch
erweist sich die Gewinnführung als überraschend kompliziert.} c5 (22... Kg7 $2
23. Bxa7 {überläßt Schwarz wohl keine echte Kompensation für den Bauern:} Rb4 (
23... Ra8 24. Bd4+ Kf7 25. Rh1) 24. Bd4+ Kf7 25. Kc2 c5 (25... Nf4 26. a3 Rb7
27. Bf1) 26. Bc3 Ra4 27. Kb3) 23. Bd2 {Dieser natürliche Zug mit der Idee Rh1+,
Bc3+ ist möglicherweise ungenau. Als vordringlicher erscheint es, das
Freibauernduo voranzutreiben, beispielsweise mit} (23. g4 $5 {, da der
Springer gerade gefesselt ist:} Bd7 (23... Kg7 24. f4 Rb4 $2 (24... Bd7 25. Bd2
Rg8 $5 {ist Zugumstellung zu 23...Bd7}) 25. Bd2 $1 (25. f5 $2 Bxc4 26. fxg6
Bxd3 27. Rxd3 Rxg4) 25... Nxf4 26. Bxf4 Bxc4 27. Bd2 $1 Ra4 28. Bc3+ Kg8 29.
Bg6 Bf7 30. Bf5 $18) (23... Bxg4 $4 24. Rg1) 24. f4 Kg7 25. Bd2 Rg8 $5 (25...
Rf8 26. Rh1 $1) 26. Rh1 $1 (26. g5 $6 Ne7 27. Bc3+ Kf7 28. Bf6 (28. Re1 Rf8 29.
Kd2 a6 30. Rh1 Bf5) 28... Bf5) 26... Kf7 27. g5 Ne7 28. Rh7+ Ke8 (28... Rg7 29.
Rh6 Ke8 (29... Ng6 30. Be4) 30. Rh8+ Rg8 (30... Kf7 31. Bc3 Rg8 32. Rh7+ Ke8
33. Bf6 Ng6 34. Kd2 {/\f5+-}) 31. Rxg8+ Nxg8 32. f5 $18 Ne7 (32... Kf7 33. Bc3
Ne7 34. g6+) 33. f6 Bf5 (33... Nc6 34. Bc3) 34. Bxf5 Nxf5 35. g6) 29. Bc3 (29.
f5 $6) 29... Rf8 30. Bf6 Rf7 31. Rh8+ Rf8 32. Rh1 $1 Bf5 (32... Rf7 33. Kd2 $1
$18) 33. Re1 Bxd3 34. Rxe7+ Kd8 35. Re3+ Rxf6 36. gxf6 Bxc4 37. a3 a5 38. Re7 {
/\Kd2-e3, f5 etc. +-}) 23... Kg7 24. f4 ({Das vorberereitende} 24. Re1 $5 {
kam auch in Betracht.}) 24... Nf8 $2 ({Geht widerstandslos unter. Die
weißfeldrige Blockade mit} 24... Bg4 {und zäher Verteidigung mußte versucht
werden, z.B.} 25. Bc3+ Kf7 26. Rh1 Rg8 $5 (26... Ne7 $6 27. Rh7+ Ke6 28. Rg7
Rg8 29. f5+ $1 Bxf5 30. Bxf5+ Kxf5 31. Rxe7 Rxg2 32. a4 Rg4 33. a5 Rxc4 34. Kb2
a6 35. Rxc7 d5 36. Kb3 Ke6 (36... Ke4 $2 37. Rd7) 37. Rc6+ Kd7 38. Rxa6 Re4 39.
Rg6 Re3 40. Kc2 d4 41. Bd2 Ra3 42. a6 Ra2+ (42... c4 43. Bf4 $18) 43. Kb3 $1
$18) 27. Be4 Ne7 28. Rh7+ (28. f5 $2 Bxf5 29. Rf1 Kg6 30. Rxf5 Nxf5 31. g4 Rf8
{/\Rxf5 =}) 28... Ke6 29. Be1 Bf5 30. Rxe7+ Kxe7 31. Bxf5 Rxg2 32. a4 $16) 25.
g4 $18 d5 26. f5 dxc4 27. Bc3+ Kg8 28. Be2 1-0